| 000 | 00454nam a2200181Ia 4500 | ||
|---|---|---|---|
| 005 | 20250423095200.0 | ||
| 008 | 250422s9999 xx 000 0 und d | ||
| 020 | _a9782332070 | ||
| 050 | _aHA 29 .O33/ | ||
| 100 | _aOdama, J.S | ||
| 245 | 0 | _aElements of statistics : a handbook of statistical terms and formular | |
| 250 | _a2nd ed. | ||
| 260 | _aAbuja | ||
| 260 | _bUniversity of Abuja Press | ||
| 260 | _c2006 | ||
| 300 | _a76 p | ||
| 942 | _cBK | ||
| 999 |
_c29493 _d29493 |
||